000 00532nam a22001817a 4500
999 _c187317
_d187317
005 20220412125220.0
010 _aENG-132284
020 _a9788123430171
_c80.00
035 _aEN-115816
037 _bDBAD/PUB
082 _a000
100 _aKaruppanan, U.
245 _aGeneral Knowledge Animals/
_cU. Karuppanan
260 _aChennai
_bNew Century Book House (P) Ltd
_c2015
270 _bChennai
_a41-B, SIDCO Industrial Estate, Ambattur
_e600098
300 _a95p.
_c22cm(pbk)
942 _2ddc
_cEN
_mKAR
_h000